Penser l’effort des textes (notice n° 1757214)

détails MARC
000 -LEADER
fixed length control field 02063cam a2200169 4500500
005 - DATE AND TIME OF LATEST TRANSACTION
control field 20260322010515.0
041 ## - LANGUAGE CODE
Language code of text/sound track or separate title fre
042 ## - AUTHENTICATION CODE
Authentication code dc
100 10 - MAIN ENTRY--PERSONAL NAME
Personal name Vinclair, Pierre
Relator term author
245 00 - TITLE STATEMENT
Title Penser l’effort des textes
260 ## - PUBLICATION, DISTRIBUTION, ETC.
Date of publication, distribution, etc. 2021.<br/>
500 ## - GENERAL NOTE
General note 94
520 ## - SUMMARY, ETC.
Summary, etc. Les études littéraires se sont fondées sur la Poétique d’Aristote, et ont tiré d’elle trois postulats : il y a une rationalité dans l’acte de création littéraire (l’écriture est une technè) ; celle-ci peut se transmettre pour guider l’écrivain dans la réalisation d’un bon texte (l’étude des textes est une poétique) ; un genre est défini par l’ensemble des textes qui partagent les mêmes propriétés exemplifiant ces règles (la poétique est une taxonomie). À l’inverse, Platon considère que la création littéraire n’est pas une technè, mais une empeiria, tâtonnante, aveugle, non reproductible, qui use de tous les moyens possibles pour parvenir à réaliser son effort. Déraciner les études littéraires de leur ancrage aristotélicien permettrait enfin de comprendre à quoi peut servir la littérature.
520 ## - SUMMARY, ETC.
Summary, etc. Literary Studies was founded upon Aristotle’s Poetics, and drew from it three postulates: literary creation boasts its own brand of rationality (writing is a techné); this techné can be taught, thus aiding the writer in producing a good text (the study of texts is a poetics); a genre is defined by a set of texts with certain properties in common, which in turn exemplify rules (poetics is a taxonomy). Inversely, Plato sees literary creation not as a techné but as an empeiria that is blind, fumbling, and non-reproducible, and uses all means available to it to achieve its undertaking. The uprooting of Literary Studies from its Aristotelian ground would finally enable us to understand what literature can be used for.
786 0# - DATA SOURCE ENTRY
Note Le Philosophoire | 55 | 1 | 2021-03-24 | p. 49-68 | 1283-7091
856 41 - ELECTRONIC LOCATION AND ACCESS
Uniform Resource Identifier <a href="https://shs.cairn.info/revue-le-philosophoire-2021-1-page-49?lang=fr&redirect-ssocas=7080">https://shs.cairn.info/revue-le-philosophoire-2021-1-page-49?lang=fr&redirect-ssocas=7080</a>

Pas d'exemplaire disponible.

PLUDOC

PLUDOC est la plateforme unique et centralisée de gestion des bibliothèques physiques et numériques de Guinée administré par le CEDUST. Elle est la plus grande base de données de ressources documentaires pour les Étudiants, Enseignants chercheurs et Chercheurs de Guinée.

Adresse

627 919 101/664 919 101

25 boulevard du commerce
Kaloum, Conakry, Guinée

Réseaux sociaux

Powered by Netsen Group @ 2025